| 000 | 01216nam a22003497a 4500 | ||
|---|---|---|---|
| 003 | CHAP | ||
| 005 | 20220817044311.0 | ||
| 008 | 091112s2007 fr r 00010 spa d | ||
| 010 | _a97061 | ||
| 011 | _a98033 | ||
| 020 | _a92640265706 | ||
| 035 | _a108708 | ||
| 040 | _cCHAP | ||
| 082 | 0 | 4 |
_a333.7 _bOr37 |
| 110 | 2 |
_aOrganización para la Cooperación y el Desarrollo Económicos. París _983559 |
|
| 245 | 1 | 3 |
_aLa evaluación ambiental estratégica : _buna guía de buenas practicas en la cooperación para el desarrollo _c/por Organización para la Cooperación y el Desarrollo Económico |
| 260 |
_aParis : _bOCDE, _c2007 |
||
| 300 | _a162 p. | ||
| 590 |
_aBATCH-UPD _b10 _c20130110 _lUCH01 _h1029 |
||
| 590 |
_aBATCH-UPD _b10 _c20130410 _lUCH01 _h0632 |
||
| 590 |
_aBATCH-UPD _b10 _c20130914 _lUCH01 _h1152 |
||
| 590 |
_aCONVERSION _b10 _c20130109 _lUCH01 _h1354 |
||
| 650 | 1 | 4 | _aDesarrollo económico. |
| 650 | 1 | 4 | _aDesarrollo sustentable. |
| 650 | 1 | 4 |
_aMedio ambiente. _974065 |
| 650 | 1 | 4 |
_aPaíses subdesarrollados. _985149 |
| 650 | 1 | 4 |
_aRecursos naturales. _995172 |
| 901 | _aBK | ||
| 911 | _aen proceso | ||
| 942 | _cLIBRO | ||
| 949 |
_a333.7 Or37 _bBC _cLIBRO _d33724002124678 _eLIBRO _h111308 _i108708 _sb |
||
| 999 |
_c97061 _d97061 |
||